| 000 | 00441nam a22001457a 4500 | ||
|---|---|---|---|
| 999 |
_c12374 _d12374 |
||
| 008 | 160803b xxu||||| |||| 00| 0 eng d | ||
| 020 | _a8122400086 | ||
| 050 | _aTK 6670 .G85 1992 | ||
| 100 | _aGulati, R. R. | ||
| 245 |
_aColour Television : _bPrinciples and Practice/ |
||
| 250 | _aRev ed. | ||
| 260 |
_aNew Delhi: _bNew Age International (P) ltd publishers, _c1992. |
||
| 300 |
_axi,557 p. : _bill.; _c24 cm. |
||
| 504 | _aIncludes index. | ||
| 650 | _aColor television | ||
| 650 | _aTelevision | ||
| 942 |
_2lcc _cBOOKS _hTK 6670 .G85 1992 |
||